000 00485nam a2200169Ia 4500
008 180921t2010 xxu||||| |||| 00| 0 sin d
041 _asin
080 _a651
_bUDA
100 _aUdawatta,Piyadasa
245 _aකාර්යාල ක්‍රම පිළිබඳ විමසුමක්
246 _aKaryala Krama Pilibada Vimasumak
260 _bGodage
_aColombo
_c2010
300 _a135, 21 cm
942 _cBK
999 _c16280
_d16280
003 LK-CoDNM
040 _aLK-CoDNM
_dLK-CoDNM
_eLK-CoDNM